000 00486nam a2200169 i 4500
001 86381
003 ES-MaACL
005 20230906175432.0
007 t|
008 041209s1972 sp ||||1| spa d
100 1 _aKey, H. A.
_967971
245 1 0 _aComputación analógica para principiantes /
_cH.A. Key ; [traducción, F. Saccone].
260 _aMadrid :
_bParaninfo,
_c1972.
300 _a156 p. ;
_c22 cm.
700 1 _aSaccone, F.
_9101233
852 _aES-MaACL
_jC-45650
_bR.80114
999 _c86381
_d86381